The hill /

Officer Joe Roberts is sent to "The Hill," a WWII British military stockade in the African desert, for refusing to obey a suicidal order.

Bibliographic Details
Corporate Authors: Warner Home Video, Metro-Goldwyn-Mayer, Seven Arts Productions, MGM/UA Home Video (Firm), Turner Entertainment Co
Other Authors: Lumet, Sidney, 1924-2011, Connery, Sean, Andrews, Harry, 1911-1989, Bannen, Ian, 1928-1999, Davis, Ossie, Rigby, Ray, Allen, R.S
Format: Video VHS
Language:English
Language Notes:Closed-captioned.
Published: [Place of publication not identified] : [Place of publication not identified] : [Place of publication not identified] : Turner Entertainment ; Warner Home Video ; MGM/UA Home Entertainment ; [1995]
Subjects:

MARC

Tag First Indicator Second Indicator Subfields
LEADER 00000cgm a2200000Ma 4500
001 in00001710521
005 20151024154622.0
007 vf bbahou
008 960422s1995 xxu123 g vleng d
020 |a 0792827856 
028 4 2 |a M200275  |b MGM/UA Home Video 
035 |a (OCoLC)ocm42509196 
040 |a WaTPC  |c RLS  |d OCL  |d TXA  |d UtOrBLW 
049 |a TXAM 
090 |a PN1995.9.P68  |b H55 1995 
245 0 4 |a The hill /  |c Metro Goldwyn Mayer and Seven Arts productions ; produced by Kenneth Hyman ; directed by Sidney Lumet ; screenplay by Ray Rigby. 
264 1 |a [Place of publication not identified] :  |b Warner Home Video ;  |a [Place of publication not identified] :  |b MGM/UA Home Entertainment ;  |a [Place of publication not identified] : Turner Entertainment ;  |c [1995] 
264 2 |a Santa Monica, CA :  |b Distributed by MGM/UA Home Video, 
300 |a 1 videocassette (2 hr., 3 min.) :  |b sound, black and white ;  |c 1/2 in. 
336 |a two-dimensional moving image  |b tdi  |2 rdacontent 
337 |a video  |b v  |2 rdamedia 
338 |a videocassette  |b vf  |2 rdacarrier 
538 |a VHS hi-fi; digital video transfer; formatted to fit TV. 
546 |a Closed-captioned. 
511 1 |a Sean Connery, Harry Andrews, Ian Bannen, Alfred Lynch, Ossie Davis. 
508 |a Director of photography, Oswald Morris ; film editor Thelma Connell. 
500 |a Originally released as a motion picture in 1965. 
500 |a Based on an original play by Ray Rigby and R.S. Allen. 
521 8 |a Not rated. 
520 |a Officer Joe Roberts is sent to "The Hill," a WWII British military stockade in the African desert, for refusing to obey a suicidal order. 
500 |a Videorecording. 
655 7 |a Prison films.  |2 lcgft 
655 7 |a War films.  |2 lcgft 
655 7 |a Feature films.  |2 lcgft 
655 7 |a Video recordings for the hearing impaired.  |2 lcgft 
700 1 |a Lumet, Sidney,  |d 1924-2011. 
700 1 |a Connery, Sean. 
700 1 |a Andrews, Harry,  |d 1911-1989. 
700 1 |a Bannen, Ian,  |d 1928-1999. 
700 1 |a Davis, Ossie. 
700 1 |a Rigby, Ray.  |t Hill. 
700 1 |a Allen, R.S. 
710 2 |a Warner Home Video. 
710 2 |a Metro-Goldwyn-Mayer. 
710 2 |a Seven Arts Productions. 
710 2 |a MGM/UA Home Video (Firm) 
710 2 |a Turner Entertainment Co. 
948 |a cataloged  |b h  |c 2002/11/8  |d c  |e mphillip  |f 12:01:13 pm 
994 |a E0  |b TXA 
999 |a MARS 
999 f f |s 08abafc0-50e2-3302-be2e-8359b5244b2d  |i a3c6f052-03ec-3940-a5f6-cb139f94f895  |t 0 
952 f f |p ric  |a Texas A&M University  |b Rellis Campus  |c Joint Library Facility  |d Remote Storage  |t 0  |e PN1995.9.P68 H55 1995  |h Library of Congress classification  |i video -- videocassette  |m A14829445614 
998 f f |a PN1995.9.P68 H55 1995  |t 0  |l Remote Storage